Normal view MARC view
  • Android (Electronic resource)

Entry Uniform Title

Number of records used in: 3

001 - CONTROL NUMBER

  • control field: 37783

003 - CONTROL NUMBER IDENTIFIER

  • control field: OSt

005 - DATE AND TIME OF LATEST TRANSACTION

  • control field: 20180418103840.0

008 - FIXED-LENGTH DATA ELEMENTS

  • fixed length control field: 150429|| aca||aabn | a|a d

040 ## - CATALOGING SOURCE

  • Original cataloging agency: OSt

130 #0 - HEADING--UNIFORM TITLE

  • Uniform title: Android (Electronic resource)

430 #0 - SEE FROM TRACING--UNIFORM TITLE

  • Uniform title: Android operating system (Electronic resource)

430 #0 - SEE FROM TRACING--UNIFORM TITLE

  • Uniform title: Android OS (Electronic resource)

430 #0 - SEE FROM TRACING--UNIFORM TITLE

  • Uniform title: Google Android (Electronic resource)

430 #0 - SEE FROM TRACING--UNIFORM TITLE

  • Uniform title: Android mobile operating system (Electronic resource)